| Поле | Инд. | ПП | Название | Значение |
|---|---|---|---|---|
| Тип записи | a | |||
| Библиографический уровень | m | |||
| 001 | Контрольный номер | bfb24613-f386-4bd6-bfdb-51092089aec4 | ||
| 005 | Дата корректировки | 20140703154322.9 | ||
| 008 | Кодируемые данные | 070621 | ||
| 020 | c | Цена, тираж | б/ц | |
| 040 | a | Служба первич. каталог. | НБ ТвГУ | |
| 041 | a | Код языка текста | rus | |
| 080 | a | Индекс УДК | 323.1(470)(043.3) | |
| 084 | a | Индекс другой классификации/Индекс ББК | С032.4я031 | |
| a | Индекс другой классификации/Индекс ББК | Ф3(2Рос),5я031 | ||
| 090 | x | Авторский знак | Т58 | |
| a | Полочн. индекс | С032.4 | ||
| 100 | 1_ | a | Автор | Топорков Виктор Афанасьевич |
| 245 | 10 | a | Заглавие | Национализм в постсоветской России: социально-философский анализ |
| b | Продолж. заглавия | дис. ... канд. филос. наук : 09.00.11 | ||
| 260 | 1_ | a | Место издания | Тверь |
| c | Дата издания | 2007 | ||
| 300 | a | Объем | 160 с. | |
| 500 | a | Примечание | На правах рукоп. | |
| 502 | a | Примечание о диссертации | Дис. (канд.) | |
| 504 | a | Библиография | Библиогр.: с. 153-160 и в подстроч. примеч. | |
| 583 | a | Действие | Получение впервые 154 21.06.2007 | |
| 650 | a | Основная рубрика | Нации | |
| x | Основная подрубрика | Социальная философия | ||
| 650 | a | Основная рубрика | Национализм | |
| 650 | a | Основная рубрика | Национальные отношения | |
| z | Географическая подрубрика | Российская Федерация | ||
| 653 | a | Ключевые слова | Нации | |
| a | Ключевые слова | Национализм | ||
| a | Ключевые слова | Социальная философия | ||
| a | Ключевые слова | Национальные отношения в России | ||
| a | Ключевые слова | Национально-культурная автономия | ||
| a | Ключевые слова | Диссертации | ||
| 852 | t | Порядковый номер экземпляра | 1 | |
| p | Инвентарный номер | б/н | ||
| 888 | a | Бесплатные | ||
| 930 | a | Новая/Ретро | диссертации | |
| 952 | p | 154.2007 б/ц 1 б/н | ||
| c | Вид литературы | Дис н | ||
| 954 | a | Дата поступления на обработку | 20070626 | |
| 999 | a | Подразделение 2 | ч.з. |